000 00294nam a22001337a 4500
020 _a978-93-86479-48-8
041 _aENG
100 _aSingh .R.S
245 _aIntoduction to Plant Pathology
260 _aDelhi
_bMedtech
_c2019
300 _a406
650 _aUPSC
856 _uCompetitive Exam
999 _c151
_d151